Movies Quiz

Random Movies or Animation Quiz

Disney Animated Films Containing 'And' Quiz Stats

 Plays Quiz Updated Aug 5, 2017

Challenge
Share
Tweet
Embed
Score 0/10 Timer 03:00
5 Plays Today
Answer % Correct
Beauty and the Beast
82.4%
Snow White and the Seven Dwarfs
77%
Lady and the Tramp
61.6%
The Fox and the Hound
60.7%
The Princess and the Frog
55.7%
One Hundred and One Dalmatians
52.8%
Lilo and Stitch
48.9%
Oliver and Company
33.8%
Fun and Fancy Free
20%
The Adventures of Ichabod and Mr. Toad
15.6%

You're not logged in!

Compare scores with friends on all Sporcle quizzes.
Join for Free
OR
Log In

You Might Also Like...

Show Comments

Extras

Top Quizzes Today


Score Distribution

Your Account Isn't Verified!

In order to create a playlist on Sporcle, you need to verify the email address you used during registration. Go to your Sporcle Settings to finish the process.

Report this User

Report this user for behavior that violates our Community Guidelines.

Details: